Маракотовата бездна и други фантастични истории (Запис номер 502643)
[ съкратено ]
| 000 -Лидер | |
|---|---|
| Лидер | 01436nam a2200349 a 4500 |
| 003 - Код на организацията, давaща контролен номер | |
| Код на организацията, даваща контролен номер | BLK |
| 005 - Дата и час на последна редакция | |
| Дата и час на последна редакция | 20250521115411.0 |
| 008 - Елементи от данни с фиксирана дължина | |
| Елементи с фиксирана дължина | 180411b bul|||||r ||||||| ||bul|| |
| 020 ## - Международен стандартен номер на книга ISBN | |
| ISBN | 9786190113621 |
| 040 ## - Източник на каталожния запис | |
| Код на библиотеката | BLK |
| 041 ## - Код за език | |
| Език | Български |
| Език за КДБФ | Български |
| 072 #7 - Код за тематичната категория | |
| Код организация | bullib |
| Код за тематична категория | Н83 |
| Текст | Чужда художествена литература Н |
| 080 ## - УДК | |
| УДК текст | Английска литература |
| УДК код | 821.111 |
| УДК – определител | -322.4 |
| УДК – код + определител | 821.111-322.4 |
| 084 ## - Класификационен индекс по друга класификация | |
| Авторски знак | Дои - Д 71 |
| 100 ## - Редна дума - Автор | |
| R(LIN) | 1299 |
| Автор | Дойл, Артър Конан |
| 245 10 - Сведения за заглавието | |
| Заглавие | Маракотовата бездна и други фантастични истории |
| Авторска отговорност | Артър Конан Дойл ; прев. от англ. Явор Цанев ; подб. и състав. Иван Атанасов. |
| 257 ## - Страна на издаване | |
| Страна на създаване/издаване | Великобритания |
| 260 ## - Област на издателските данни | |
| Място на издаване | София |
| Име на издателя | Изток-Запад |
| Година на издаване | 2024 |
| 300 ## - Физическа характеристика | |
| Брой страници | 223 с. |
| Размер | 21 см |
| 380 ## - Жанр | |
| Жанр | Худож. лит. |
| 490 ## - СЕРИИ (Колекции) | |
| Серия | Magica |
| 9 (RLIN) | 206327 |
| 500 ## - Общи забележки | |
| Обща забележка | Ориг. загл. The Maracot Deep and Selected Short Stories / Arthur Conan Doyle |
| 700 ## - Други автори (авторска отговорност) | |
| Друг автор | Цанев, Явор Богомилов |
| 9 (RLIN) | 381955 |
| 700 ## - Други автори (авторска отговорност) | |
| Друг автор | Димитров, Иван Атанасов |
| 9 (RLIN) | 274001 |
| 852 ## - Местоположение | |
| Сигнатура (форматна) | Цб 325032 |
| 856 ## - Електронен адрес и достъп | |
| Инструкция (цена за достъп) | 0.00 |
| Права за достъп | disable |
| 942 ## - АРТИКУЛИ | |
| Вид на библиотечния документ | Книги |
| Скрит в OPAC | Не |
| Периодичен библиозапис | Да |
| Koha issues (borrowed), all copies | 41 |
| 944 ## - СЪЗДАВАНЕ И РЕДАКЦИЯ на ЗАПИСА | |
| Дата на регистрацията/редакция | Теодора Пейчева-Дянкова |
| Служител, извършил регистрацията/редакцията | 30576 |
| Номер на служител | Цветомила Тодорова |
| 999 ## - СИСТЕМНИ КОНТРОЛНИ НОМЕРА | |
| Koha biblionumber | 502643 |
| Koha biblioitemnumber | 502643 |
| 999 ## - СИСТЕМНИ КОНТРОЛНИ НОМЕРА | |
| Koha biblioitemnumber | 502643 |
| 999 ## - СИСТЕМНИ КОНТРОЛНИ НОМЕРА | |
| Koha biblioitemnumber | 502643 |
| Код за отписване | Код за изгубен артикул | Източник на класификационната схема | Код за повреда | Код за отдаване | Артикулен № | Име на библиотеката - собственик | Име на библиотеката, в която се намира в момента | Статус (Текущо местоположение) | Дата на вписване в системата | Местоположение - отдел | Цена в лева | Инвентарен номер | Систематично азбучна сигнатура | Баркод | Цена в евро | Служебен тип на артикула | Коз за рестрикции |
|---|---|---|---|---|---|---|---|---|---|---|---|---|---|---|---|---|---|
| Не е изгубен | Universal Decimal Classification | Не е повреден | заемане за дома | 939868 | Регионална библиотека "Любен Каравелов" Русе | Регионална библиотека "Любен Каравелов" Русе | Заемна - подръчен фонд | 2024-02-06 | Заемна - подръчен фонд | 15.00 | 120000898896 | 821-32/Д 71 А | 120000898896 | 7.67 | Книги | ||
| Не е изгубен | Universal Decimal Classification | Не е повреден | ползва се в читалня | 953509 | Регионална библиотека "Любен Каравелов" Русе | Регионална библиотека "Любен Каравелов" Русе | Хранилище | 2024-10-30 | Хранилище | 20.00 | 120000914309 | Цб 325032 | 120000914309 | 10.23 | Книги | само за читалня |